| 000 | 00639pam a2200241 4500 | ||
|---|---|---|---|
| 001 | 28768 | ||
| 003 | BD-RjUL | ||
| 005 | 20211209051327.0 | ||
| 008 | 140331t19731947ctu 000 0 eng | ||
| 020 | _a0837165598 | ||
| 035 | _a(BD-RjUL)28850 | ||
| 040 |
_aDLC _cDLC _dBD-RjUL _beng |
||
| 041 | _aeng | ||
| 082 | 0 | 0 |
_a100 _bEDP 1947 |
| 100 | 1 |
_aEdman, Irwin, _d1896-1954. _986947 |
|
| 245 | 1 | 0 |
_aPhilosopher's quest / _c Irwin Edman |
| 260 |
_aWestport, Conn. : _bGreenwood Press , _cc1947 |
||
| 300 |
_a275 p. : _c22 cm. |
||
| 650 | 0 |
_aPhilosophy. _987993 |
|
| 942 |
_2ddc _cBK |
||
| 999 |
_c28768 _d28768 |
||